| 000 | 02435cam a22005774i 4500 | ||
|---|---|---|---|
| 003 | PE-LiUPU | ||
| 005 | 20250731173039.0 | ||
| 008 | 130506s2013 txu rb 001 0 eng d | ||
| 020 | _a1481300318 | ||
| 020 | _a9781481300315 | ||
| 020 | _z1602589844 | ||
| 020 | _z9781602589841 | ||
| 035 | _a(Sirsi) i9781481300315 | ||
| 035 | _a(OCoLC)933516495 | ||
| 040 |
_aP@U _beng _epn _cP@U _dOCLCO _dYDXCP _dOCLCF _dOCLCQ _dPE-LiUPU _erda |
||
| 049 | _aPRUA | ||
| 050 | 4 |
_aBR115.N87 _bA97 2013 |
|
| 082 | 0 | 4 |
_a261.832 _bA94 _223 |
| 100 | 1 |
_aAyres, Jennifer R., _eautor. |
|
| 245 | 1 | 0 |
_aGood food : _bgrounded practical theology / _cJennifer R. Ayres. |
| 264 | 1 |
_aWaco, Texas : _bBaylor University Press, _c2013. |
|
| 300 |
_axiv, 233 páginas ; _c24 centímetros |
||
| 336 |
_atext _2rdacontent |
||
| 337 |
_aunmediated _2rdamedia |
||
| 338 |
_avolume _2rdacarrier |
||
| 504 | _aBibliografía : páginas 209-226. | ||
| 504 | _aIndice : páginas 227-233. | ||
| 505 | 0 | _aPrimer on the global food system people, places, planet -- Primer on the global food system policies -- Making room at the table A Theology and ethics of food -- Church-supported farming building relationships and supporting sustainable agriculture -- Growing food from food Insecurity to food sovereignty -- Transformative travel education, encountering the other, and political advocacy -- Vocational sustainability agriculture and ingenuity on the college farm. | |
| 526 | _aSEG42 | ||
| 526 | _aSEG41 | ||
| 526 | _aSEG40 | ||
| 526 | _aSEG39 | ||
| 526 | _aP94 | ||
| 526 | _aP87 | ||
| 526 | _aP86 | ||
| 526 | _aP85 | ||
| 526 | _aP77 | ||
| 526 | _aP76 | ||
| 526 | _aP35 | ||
| 650 | 0 |
_aAgricultura _x Aspectos religiosos _xCristianidad. |
|
| 650 | 0 |
_aAlimentos _x Aspectos religiosos _xCristianidad. |
|
| 650 | 0 |
_aAgriculture _xReligious aspects _xChristianity. |
|
| 650 | 0 |
_aFood _xReligious aspects _xChristianity. |
|
| 910 |
_adbm _bncf _cncf _d20171219 |
||
| 942 |
_2ddc _cBOOK |
||
| 949 |
_a261.832 A94 _wDEWEY _c1 _i77641 _lCATALOGING _mBUL _p20.97 _r0 _sY _tBOOK _u2017-12-19 _xPOSGRADO _PP85 _0COMPRA _o.STAFF. Colección Teología. |
||
| 994 |
_aC0 _bPEPRU |
||
| 596 | _a1 | ||
| 999 |
_a261.832 A94 _wDEWEY _c26238 _i77641 _f2021-11-10 _g4 _lCCODEBUL1 _mBUL _p20.97 _r0 _sY _tBOOK _u2017-12-19 _xTEOLOGIA _PP85 _0DONACION _o.STAFF. Colección Teología. _d26238 |
||
| 980 |
_81 _gALBERTO SANCHEZ Responsable de Automatización |
||